Česká Tina Turner

Bibliographic Details
Main Authors: Kollárik, Erik (Author, Interviewer), Špinarová, Věra, 1951-2017 (Author)
Format: Article
Language:Slovak
PhysicalDescription:Fotogr.
ISSN:1336-4650
Subjects:

MARC

LEADER 00000nab a2200000 ar4500
001 vtls008426965
003 SK-MaSNL
005 20260303065944.0
008 060130c2006 xo wr|p|||||||000 b|slo
015 |a SNBRB2006/01  |2 snkbucl 
038 |a SNKBUCL 
040 |a SNKBUCL  |b slo  |c SNKBUCL  |e AACR2 
041 0 |a slo 
044 |a xo  |c SK 
080 |a 78.071.2  |2 2001 
080 |a 784.66  |2 2001 
080 |a 929 Špinarová, Viera  |2 2001 
100 1 |a Kollárik, Erik  |4 ivr  |4 aut  |9 44890 
245 1 0 |a Česká Tina Turner  |c Erik Kollárik 
300 |b Fotogr. 
600 1 7 |a Špinarová, Věra,  |d 1951-2017  |2 snkbucl  |9 247364 
700 1 |a Špinarová, Věra,  |d 1951-2017  |4 ive  |4 aut  |9 247364 
773 0 |t Live  |g Roč. III., č. 2 (2006), s. 20-21  |x 1336-4650 
852 |a SNK  |b KIS3GCP 
958 |a BC 
958 |a CZ 
999 |c 1753404  |d 1755334